000 00878nam a2200265Ia 4500
003 OSt
005 20220918171337.0
006 a|||||r|||| 00| 0
007 ta
008 220917b |||||||| |||| 00| 0 eng d
020 _a9781509545612 (pbk)
_cUSD 26.95
024 _a354,128
037 _b62662, 29/12/2021, Segment Book Distributors
_cTextual
040 _aARTS
_cARTS
_beng
041 _2eng
_aeng
082 _aY38.6, R1
100 _aCastells Mannuel Ed.
_935997
245 0 _aNational identity and state formation in Africa
260 _aLondon
_bPolity Press UK
_c2021
300 _axii,217p.
_ccm.
650 _aAFRICA - HISTORY; SOCIOLOGY
_935998
700 _a Lategan Bernard Ed.
_935999
942 _hY38.6, R1
_cTEXL
_2CC
999 _c139159
_d139159